000 02074nab a2200217 ab4500
005 20230905111813.0
008 230904c2022 mx qr|p|o|||| 00| 0 spa d
040 _aMX-MxUPN
_bspa
_cMX-MxUPN
_eaacr2
100 _949881
_aLópez Guzmán, Jorge Alberto
245 1 3 _aEl poder simbólico y social de los papers
_h[recurso electrónico en línea]
506 0 _aAcceso abierto
520 3 _aLos papers son una de las principales exigencias que tienen los docentes e investigadores para demostrar su productividad en las instituciones donde laboran o investigan y, además, uno de los recursos más sustanciales que tienen las instituciones para lograr financiamiento y prestigio. Sin embargo, en la cultura del “publica o perece”, los papers se convierten en un sistema de símbolos que se institucionalizan y ordenan socialmente en tanto que, permiten conocer y comunicar el conocimiento y la capacidad creativa de una forma específica. En decir, el poder simbólico que ostentan produce que no solamente impongan un dominio del lenguaje y de la construcción y trasmisión del conocimiento, sino de una imposición en la producción de discursos. En este sentido, el presente artículo contará con tres momentos. En primera instancia, pretende reflexionar sobre la manera en que los papers pueden ser entendido dentro de una cultura del “publica o perece”. En un segundo momento, se pretende establecer de qué manera los papers se convierten en una forma de poder simbólico sobre el conocimiento y la creatividad. Y finalmente, se espera ilustrar cómo la cienciometría se ha vuelto el instrumento para legitimar la cultura del “publica o perece”. RLEE
653 _aCapitalismo Cognitivo
653 _aOrden social
653 _aPoder simbólico
653 _aProducción científica
773 _gVol. 6, no. 3 (2022), p. 39-50
_tRevista latinoamericana de educación y estudios interculturales
_x2448-8801
856 _uhttps://drive.google.com/file/d/1NvasbbtdnxdIiEZ5ue5gfyfcadjtRrGA/view
902 _aLeonor Sotres/050923
942 _cART-E
999 _c210171
_d210171